000 00789nam a2200229 4500
003 OSt
005 20240418144501.0
008 240418s2014 mx ad||f |||| 001 0 spa d
040 _erda
_cCHAP
082 0 0 _222
_a378.161097252021
_bU54
245 0 0 _aUn año más 2014 /
_cdocumento elaborado por Elías Porras Toledo [ y otros cuatro ]
264 1 _aMéxico:
_bUniversidad Autónoma Chapingo.
_c2014.
300 _a247 páginas :
_bIlustraciones, cuadros, gráficas
336 _2rdacontent
_atexto
_btxt
337 _2rdamedia
_asin medio
_bn
338 _2rdacarrier
_avolumen
_bnc
504 _aIncluye índice
650 4 _9188965
_aUACH
_xAdmisión
_vEstadisticas
650 4 _9188966
_aUACH
_xEstudiantes
_vEstadisticas
700 1 _9166197
_aPorras Toledo, Elías
942 _2ddc
_cLIBRO
999 _c219860
_d219860